000 00468nam a22001577a 4500
008 160329b xxu||||| |||| 00| 0 eng d
020 _a978-93-5115-087-9
082 _22014
_aDC 647.95
_bF739
245 _aFood and beverage service.
260 _aUAE:
_b3G Elearning FZ LLC,
_cc2014.
300 _av, 283 pages:
_billustrations;
_c23 cm.
500 _aIncludes bibliographical references
650 0 _94450
_aFood service
365 _b3,150.00
_cPhp
942 _2ddc
_cDC
999 _c1466
_d1466